000
00284nam a22001217a 4500
082
_a
336
100
_a
Ahuja,Dr.Girish
_9
83367
245
_a
Income Tax Rules
250
_a
13th
260
_a
Delhi
_b
Commercial Law Publishers
_c
2024
650
_a
income tax
_9
83368
942
_c
C. BOOKS
999
_c
68254
_d
68254